Po stopách českých filmů a pohádek : kam na výlet? /
Průvodce obsahuje exteriéry i interiéry, které se objevily v českých filmech, pohádkách či seriálech. Autor opět seznamuje s krásnými místy, vhodnými na výlet, tentokrát ve 34 kapitolách. Zve na návštěvu míst, kde se natáčely např.: Tři bratři, Anděl páně, S tebou mě baví svět, Okresní přebor, Páni...
Uloženo v:
| Hlavní autor: | |
|---|---|
| Médium: | E-kniha |
| Jazyk: | Czech |
| Vydáno: |
V Praze :
Fragment,
2017
|
| Vydání: | 1. vydání |
| Témata: | |
| Tagy: |
Žádné tagy |
| LEADER | 02731nam a2200565 i 4500 | ||
|---|---|---|---|
| 001 | 310802 | ||
| 003 | CZ PrSKC | ||
| 005 | 20260601215654.0 | ||
| 007 | ta | ||
| 008 | 170515s2017 xr ab e f 000 0 cze | ||
| 015 | |a cnb002897206 | ||
| 020 | |a 9788025331590 |q (brožováno) : |c Kč 229,00 | ||
| 035 | |a (OCoLC)993638618 | ||
| 040 | |a BOA001 |b cze |e rda | ||
| 043 | |a e-xr--- | ||
| 045 | |a x-y- | ||
| 072 | 7 | |a 791 |x Film. Cirkus. Lidová zábava |2 Konspekt | |
| 080 | |a 791.2 |2 MRF | ||
| 080 | |a 791.225:82-34 |2 MRF | ||
| 080 | |a 791.237.6 |2 MRF | ||
| 080 | |a 913:338.483.1 |2 MRF | ||
| 080 | |a (437.3) |2 MRF | ||
| 080 | |a (036) |2 MRF | ||
| 100 | 1 | |a Laudin, Radek, |d 1969- |7 xx0078001 |4 aut | |
| 245 | 1 | 0 | |a Po stopách českých filmů a pohádek : |b kam na výlet? / |c Radek Laudin |
| 250 | |a 1. vydání | ||
| 264 | 1 | |a V Praze : |b Fragment, |c 2017 | |
| 300 | |a 167 stran : |b barevné ilustrace, mapy ; |c 21 cm | ||
| 336 | |a text |b txt |2 rdacontent | ||
| 337 | |a bez média |b n |2 rdamedia | ||
| 338 | |a svazek |b nc |2 rdacarrier | ||
| 520 | 2 | |a Průvodce obsahuje exteriéry i interiéry, které se objevily v českých filmech, pohádkách či seriálech. Autor opět seznamuje s krásnými místy, vhodnými na výlet, tentokrát ve 34 kapitolách. Zve na návštěvu míst, kde se natáčely např.: Tři bratři, Anděl páně, S tebou mě baví svět, Okresní přebor, Páni kluci, Trhák, seriál Comeback a další. Každá kapitola obsahuje popis místa, informace o filmu, fotografie a mapku. | |
| 520 | 2 | |a Tipy na výlety po místech v České republice, kde se natáčely známé filmy, pohádky a seriály. | |
| 648 | 7 | |a 20.-21. století |7 ch462155 |2 czenas | |
| 650 | 0 | 7 | |a filmy |7 ph120215 |z Česko |y 20.-21. století |2 czenas |
| 650 | 0 | 7 | |a filmové pohádky |7 ph120199 |z Česko |y 20.-21. století |2 czenas |
| 650 | 0 | 7 | |a filmová místa |7 ph463344 |z Česko |2 czenas |
| 650 | 0 | 7 | |a turistické zajímavosti |7 ph126800 |z Česko |2 czenas |
| 650 | 0 | 9 | |a films |z Czechia |y 20th-21st centuries |2 eczenas |
| 650 | 0 | 9 | |a fairy tales (film adaptations) |z Czechia |y 20th-21st centuries |2 eczenas |
| 650 | 0 | 9 | |a filming locations |z Czechia |2 eczenas |
| 650 | 0 | 9 | |a tourist sights |z Czechia |2 eczenas |
| 655 | 7 | |a průvodce |7 fd133154 |2 czenas | |
| 655 | 9 | |a guidebooks |2 eczenas | |
| 900 | |a ABA001 |b 19 | ||
| 928 | 9 | |a Albatros Media - Fragment | |
| 044 | |a xr | ||
| 910 | |a RBIT002 | ||
| 998 | |d 173813 |a https://core.palmknihy.cz/api/books/173813/cover?88sh4j |b https://core.palmknihy.cz/api/books/173813/cover/400?277485 |c https://core.palmknihy.cz/api/books/173813/cover/50?2alecb |e 2038-12-31 |g 168 |i 9788025331590 |k https://core.palmknihy.cz/api/books/173813/preview.pdf |l |q 49 |r 1 |s https://www.palmknihy.cz/kniha/173813 |t ebook |y 2017 |z 0 | ||
| 999 | |d 310800 | ||